|
|
|
|
| LEADER |
00000nam a22000007a 4500 |
| 005 |
20200109213432.0 |
| 007 |
cr|||| |||| |
| 008 |
200109s2019 bo |||||s|||| 00||0 spa d |
| 020 |
|
|
|a 978-99974-54-13-3
|
| 035 |
|
|
|a 30921
|
| 040 |
|
|
|a vLex
|
| 090 |
|
|
|c 10094
|d 10094
|
| 100 |
1 |
|
|a Paz Espinoza, Fľix C.
|
| 245 |
1 |
0 |
|a Derecho de las familias violencia familiar
|h [Recurso electrn̤ico] :
|b Teora̕, Historia y Doctrina Complementada, actualizada /
|c Fľix C. Paz Espinoza
|
| 256 |
|
|
|a Servicio en ln̕ea
|
| 260 |
|
|
|a La Paz:
|b Universidad Mayor de San Andrš de Bolivia (UMSA),
|c 2019
|
| 300 |
|
|
|a 1 recurso electrn̤ico
|
| 506 |
1 |
|
|a Disponible solo en los productos indicados
|d vLex Global
|d vLex Global (Academic Edition, excluding Law Schools)
|d vLex Global (U.S. Academic Edition, Law Schools)
|d vLex Global (U.S. Academic Edition, excluding Law Schools)
|d vLex Global (Academic Edition, Law Schools)
|
| 650 |
0 |
4 |
|a Familia y Sucesiones
|z Bolivia
|
| 740 |
0 |
|
|a vLex Libros (Servicio en ln̕ea)
|
| 856 |
4 |
0 |
|u http://vlex.com/source/derecho-de-las-familias-violencia-familiar-teoria-historia-y-doctrina-complementada-actualizada-30921
|z Acceso restringido
|
| 942 |
|
|
|c BOOK
|
| 999 |
0 |
|
|a Family and Successions
|